Normal view
MARC view
- Rana, Ashwani Kumar.
Entry Personal Name
001 - CONTROL NUMBER
- control field: 54321
003 - CONTROL NUMBER IDENTIFIER
- control field: OSt
005 - DATE AND TIME OF LATEST TRANSACTION
- control field: 20240312095206.0
008 - FIXED-LENGTH DATA ELEMENTS
- fixed length control field: 240312|| aca||aabn | a|a d
040 ## - CATALOGING SOURCE
- Original cataloging agency: OSt
- Transcribing agency: OSt
100 ## - HEADING--PERSONAL NAME
- Personal name: Rana, Ashwani Kumar.
- Relator term: author.
670 ## - SOURCE DATA FOUND
- Source citation: Work cat.: (OSt): Rana, Ashwani Kumar. author., Fast discharging (N+1) switch converter with regenerative flyback operation for N-phase SRM drives /, July 2022.
